000 00415nam a2200157Ia 4500
008 210716s1975 xx 000 0 und d
020 _a0256016348
041 _aeng
082 _a336.012 COHJ
100 _aCohen, Jerome B.
245 _aPersonal finance: principles and case problems.
250 _a5
260 _aHomewood
_bRichard D Irwin, Inc
_c1975
300 _axiii,908
650 _aPublic finance(336)
999 _c206081
_d206081